000 02902cam a2200673 4500
001 21865
003 VRT
005 20260312142315.0
006 r c tn
008 211026s2021 xo a jr 000 j slo
015 _aSNBA2022/07
020 _a9788056623251
_q(viazané)
039 9 _a202407021130
_bAUTHORITY
_c202406101338
_dAUTHORITY
_c202207071228
_dmsnk167
_c202202171444
_dAUTHORITY
040 _aSVKBB
_bslo
_cSVKBB
_dSNK
_erda
041 0 _aslo
_hger
044 _axo
_cSK
072 7 _a821.112.2-3
_xNemecká próza, nemecky písaná
_2konspekt
072 7 _a821-93
_xLiteratúra pre deti a mládež (beletria)
_2konspekt
080 _a821.112.2(436)-32
_22011
080 _a82-93
_22011
080 _a(0:82-322.4)
_22011
080 _a(0:82-321.3)
_22011
100 1 _aBrezina, Thomas,
_d1963-
_4aut
240 1 4 _aDer Junge aus dem Jenseits
_lSlovensky
245 1 0 _aNávrat zo záhrobia
_cThomas Brezina ; ilustrovala Nora Nowatzyková ; z nemeckého originálu Der Junge aus dem Jenseits preložila Silvia Stuppacherová
250 _a2. vydanie
264 1 _aBratislava
_bFragment
_c2021
300 _a117, 8 strán
_bilustrácie
_c19 cm
_e1 plastová lupa
336 _atext
_btxt
_2rdacontent
336 _atrojrozmerná forma
_btdf
_2rdacontent
337 _abez média
_bn
_2rdamedia
338 _azväzok
_bnc
_2rdacarrier
338 _aobjekt
_bnr
_2rdacarrier
490 1 _aKlub záhad
500 _aVydalo vydavateľstvo Fragment v spoločnosti Albatros Media Slovakia, s.r.o.
500 _aObsahuje biografické údaje o autorovi
500 _aPreložené z nemčiny
521 8 _aPre čitateľov od 11 rokov
655 7 _arakúske príbehy
_2SNKPH
655 7 _adobrodružné príbehy
_2SNKPH
655 7 _adetektívne príbehy
_2SNKPH
655 7 _aliteratúra pre deti a mládež
_2SNKPH
655 7 _aAustrian stories
_2SNKPHeng
655 7 _aAdventure stories
_2SNKPHeng
655 7 _aDetective stories
_2SNKPHeng
655 7 _aChildren's and juvenile literature
_2SNKPHeng
700 1 _aNowatzyk, Nora
_4ill
700 1 _aStuppacherová, Silvia
_4trl
710 2 _aAlbatros Media Slovakia.
_bFragment
_4pbl
830 0 _aKlub záhad
942 _2ddc
_cKLDE
_n0
949 _6273K0669484
_asvkpoA 249497
_bsvkpo660396
_q+ príl.: 1 x lupa
_r+ príl.: 1 x lupa
949 _617A1468605
_asnkSD 90295
_bsnk2021/17637
_o1728/2021
_s6100:20221102
949 _617A1468607
_asnkSD 90295 D1
_bsnk2021/17638
_o1728/2021
949 _617A1468606
_asnkSD 90295/príl.
_bsnk2021/17637
_o1728/2021
_ppríloha 1 plastová lupa
_s6100:20221102
949 _617A1468608
_asnkSD 90295/príl. D1
_bsnk2021/17638
_o1728/2021
_ppríloha 1 plastová lupa
949 _62889374291
_asavukM 122770
_bsavuk2021/2433
_qSkontrolovať vrátenie 1 plastovej lupy.
_rSúčasťou knihy 1 plastová lupa.
949 _6270001000646922
_91 voľ. príl. (lupa)
_asvkbbA 163336
_bsvkbbm 796952
999 _c21865
_d21865